| 000 | 00952nas a2200301 4500 | ||
|---|---|---|---|
| 001 | BR0402367 | ||
| 003 | BR-BrBNA | ||
| 005 | 20231205104532.0 | ||
| 007 | ta | ||
| 008 | 230509b bl.|||p| |||| 00| 00por d | ||
| 040 |
_aBR-BrBNA _bpor _cBiblioteca Nacional de Agricultura |
||
| 041 | _a(Pt) | ||
| 072 | _aF02 | ||
| 100 | 1 | _aDiniz, J.D.N. | |
| 100 | 1 | _aAlmeida, J.L. | |
| 100 | 1 | _aTeixeira, A.L. de A. | |
| 100 | 1 | _aGomes, E.S. | |
| 100 | 1 | _aHernandez, F.F.F. | |
| 245 | 1 | _aÁcido giberélico (GA3)e 6-benzilaminopurina (BAP)no crescimento in vitro de macela (Egletes viscosa (L.)Less.) | |
| 650 | _aMACELA | ||
| 650 | _aCULTURA IN VITRO | ||
| 650 | _aPROPAGAÇÃO VEGETATIVA | ||
| 650 | _aREGULADOR DE CRESCIMENTO | ||
| 650 | _aÁCIDO GIBERÉLICO | ||
| 773 | 0 |
_tCiência e Agrotecnologia (Brazil) _xISSN 1413-7054 _g(Jul-Aug 2003), v. 27(4) p. 934-938 _wBR0402367 |
|
| 909 |
_a202311 _bLúcia _c55 _dLúcia Elande |
||
| 942 |
_2AGRIS _n0 _cANA |
||
| 999 |
_c178589 _d178589 |
||